zpět

Detail výsledku týmu

Kozlovna S-klub, Olomouc

Datum a čas kvízu

30.5 Celkem bodů Celkový počet nahraných bodů na tomto kvízu bez doplňovacích otázek.
6. Pořadí na kvízu Konečné umístění týmu na tomto kvízu.

Zaznamenané odpovědi

# Otázka Odpověď Body Výsledky
1. „Já v pondělí předložím návrh... 6 000 Kč 1
2. Jeden výrobce pneumatik zakáza... Goodyear 0
3. Minulý týden byla představena... Patrik Hartl 0
4. Potravinářská společnost Knorr... Cikánská omáčka 1
5. Jeden český hokejový klub zmod... Dynamo Pardubice 0
6. Začneme u nás, konkrétně pohád... Radúz a Mahulena 0
7. Jak se jmenují tři sestry ve s... C 1
8. William Shakespeare pochopitel... George Bernard Shaw 1
9. Nyní se podíváme na divadlo ja... provaziště 0
10. Jak se jmenuje veleúspěšná hra... Hrdý Budžes 1